00430nam a22001577a 4500003000400000005001700004008004100021020001500062040002900077050002800106100002400134245004800158260003600206300001000242650002000252OSt20251117140935.0230913b |||||||| |||| 00| 0 eng d a9966882979 cChuka University Library aFIC PL 8704b.W3M3 2004 aWamitila, K. W (ed) aMayai waziri wa maradhi na hadithi nyingine aNairobibFocus Publishersc2004 a143p. aSwahili fiction